000 nam a22 7a 4500
999 _c331863
_d331863
003 NUST
005 20171031112514.0
008 171031b xxu||||| |||| 00| 0 eng d
020 _a9780304332342
040 _c0
082 _a628 WEB
100 _aWebster,Kathryn
_95753
245 _aEnvironmental Management in the Hospitality Industry:
_bA Guide for Students and Managers
_cKathryn Webster
260 _aAustralia
_bThomson
_c2000
300 _a270p.
500 _aP.B
942 _2ddc
_cBK
_kIESE